| 000 | 01233cam a2200349 a 4500 | ||
|---|---|---|---|
| 001 | 8483105 | ||
| 003 | OSt | ||
| 005 | 20150408114046.0 | ||
| 006 | m d | ||
| 007 | cr n | ||
| 008 | 120623s2010 gw a |sb 001 0 eng d | ||
| 020 | _a9783642037085 (alk. paper) | ||
| 020 | _a3642037089 (alk. paper) | ||
| 020 | _a9783642037092 (eISBN) | ||
| 040 | _cMU | ||
| 082 | 0 | 4 |
_a616.0757 T J I _222 |
| 100 | 1 |
_aAl-Tubaikh, Jarrah Ali. _916166 |
|
| 210 | 1 | 0 | _aInternal medicine |
| 245 | 1 | 0 |
_aInternal medicine _h[electronic resource] : _ban illustrated radiological guide / _cby Jarrah Ali Al-Tubaikh. |
| 260 |
_aHeidelberg : _bSpringer, _cc2010. |
||
| 504 | _aIncludes bibliographical references and index. | ||
| 506 | _aLicense restrictions may limit access. | ||
| 650 | 4 |
_aRadiology _xmethods _911173 |
|
| 650 | 2 |
_aInternal Medicine _xmethods _916167 |
|
| 650 | 4 |
_aSigns and Symptoms _916168 |
|
| 650 | 4 | _aDiagnostic Imaging | |
| 650 | 4 | _aDiagnosis, Differential | |
| 655 | 4 |
_aAtlases _913924 |
|
| 773 | 0 | _tSpringerLink ebooks - Medicine (2010) | |
| 856 | 4 | 0 |
_uhttp://www.columbia.edu/cgi-bin/cul/resolve?clio8483105 _zFull text available from SpringerLink ebooks - Medicine (2010) |
| 942 |
_2ddc _cDVD |
||
| 999 |
_c24230 _d258730 |
||